UK Universities - Statistics

General Stats
  • This quiz has been taken 2,803 times
  • The average score is 56 of 132
Answer Stats
Answer % Correct
University of Oxford
93%
University of Cambridge
91%
University of Manchester
90%
University of Liverpool
87%
Cardiff University
85%
University of Birmingham
84%
University of Bristol
84%
University of Edinburgh
84%
University College Birmingham
83%
University of Glasgow
83%
University of Leeds
83%
University of London
83%
Newcastle University
81%
University of Nottingham
81%
University of Aberdeen
78%
University of York
77%
University of Exeter
76%
Swansea Universtiy
72%
University of Southampton
72%
Durham University
71%
University of Bath
71%
University of Sheffield
71%
University of St Mark & St John, Plymouth
71%
University of Brighton
70%
University of Plymouth
70%
University College London (UCL)
68%
University of Leicester
68%
University of Portsmouth
68%
Queen's University Belfast
67%
University of Warwick
64%
Manchester Metropolitan University
62%
University of St Andrews
60%
Coventry University
59%
Nottingham Trent University
59%
Oxford Brookes University
57%
University of Abertay Dundee
57%
University of Hull
57%
University of Kent
57%
University of Reading
57%
University of Sussex
57%
University of East Anglia
56%
University of Dundee
55%
University of Lincoln
55%
Lancaster University
54%
University of Essex
54%
Bournemouth University
53%
Imperial College London
53%
The Arts University Bournemouth
53%
University of Derby
51%
Loughborough University
50%
University of Surrey
50%
Aberystwyth University
49%
Bangor University
47%
Norwich University of the Arts
47%
University of Chester and Warrington
47%
University of Bradford
46%
University of Sunderland
45%
University of Northampton
43%
Aston University
42%
Canterbury Christ Church University
42%
University of Gloucestershire
42%
Central Lancashire, Preston and Burnley
41%
University of Wolverhampton
41%
Sheffield Hallam University
40%
Middlesex University
38%
University of Salford
37%
University of the West of England
37%
Liverpool John Moores University
36%
University of Hertfordshire
36%
University of Worcester
36%
Northumbria University
35%
University of Bedfordshire
35%
Anglia Ruskin University
33%
Bath Spa University
33%
University of Cumbria
33%
Keele University
32%
University of Buckingham
32%
University of Winchester
32%
Royal Holloway, University of London
31%
University of Huddersfield
31%
University of Stirling
31%
Falmouth University
30%
Staffordshire University
30%
Leeds Trinity University
29%
University of Bolton
29%
York St John University
29%
Brunel University
28%
Cardiff Metropolitan University (UWIC)
28%
University of Strathclyde
28%
De Montfort University
27%
Liverpool Hope University
27%
University of East London
27%
University of Westminster
27%
Leeds Metropolitan University
26%
University of Greenwich
26%
Birmingham City University
25%
The Open University
25%
University of Chichester
25%
University of the Highlands and Islands
25%
Edinburgh Napier University
23%
London Metropolitan University
23%
Southampton Solent University
23%
City University London
22%
Kingston University
22%
Heriot-Watt University
21%
University of West London
21%
Teeside University
20%
Edge Hill University
19%
St Mary's University, Twickenham
19%
Roehampton University
18%
University of Wales
18%
London South Bank University
17%
University of South Wales
17%
Glasgow Caledonian University
16%
University of Ulster
16%
University Centre at Blackburn College, Blackburn
14%
University of the West of Scotland
14%
The Robert Gordon University
13%
Queen Margaret University
11%
Buckinghamshire New University
10%
Glyndwir University
10%
Harper Adams University
10%
University of the Arts London
10%
Bishop Grosseteste University
9%
Royal Agricultural University, Cirencester
9%
Newman University
8%
University for the Creative Arts
8%
University of Law
8%
Cranfield University
7%
Hull York Medical School (MYMS)
6%
BPP University
5%
Royal College of Art
4%
No matching quizzes found
Score Distribution
Percent of People with Each Score
Percentile by Number Answered
Your Score History
You have not taken this quiz